000 00395nam a22001337a 4500
082 _a621.3
_bFRA
_cL-10, P-03, E-IV
100 _aT.G. Francis
_941255
245 _aElectrical installation work
_cFrancis, T.G
260 _aLondon, New York, Toronto
_bLongmans, green and co.
300 _axv, 256 p.
_bill.
526 _a0
_b0
_c0
_d621_300000000000000_FRA
650 _aMCE
_9379
942 _2ddc
_cBK
999 _c545420
_d545420